000 00196nam a2200109Ia 4500
100 _a#N/A
942 _cBK
654 _axandros
245 _aXandros 3.0 OCE
260 _b#N/A
546 _aENGLISH
999 _c22995
_d22995